Записки Академии наук. Т.52, Кн.1 (Запись № 3997852)

Подробности
000 -МАРКЕР
контрольное поле 02966nam2a22003131 4500
001 - ИДЕНТИФИКАТОР ЗАПИСИ
контрольное поле RU\NLR\INFOCOMM6\1000361810
005 - ИДЕНТИФИКАТОР ВЕРСИИ
контрольное поле 20250616232402.0
035 ## - ДРУГИЕ СИСТЕМНЫЕ НОМЕРА
Идентификатор записи (NLR Aleph) 002276088
100 ## - ДАННЫЕ ОБЩЕЙ ОБРАБОТКИ
Данные общей обработки 20031127d1886 |||y0rusy50 ca
101 0# - ЯЗЫК РЕСУРСА
Язык текста, звукозаписи и т.д. русский
102 ## - СТРАНА ПУБЛИКАЦИИ ИЛИ ПРОИЗВОДСТВА
Страна публикации Российская Федерация
105 ## - ПОЛЕ КОДИРОВАННЫХ ДАННЫХ: ТЕКСТОВЫЕ МАТЕРИАЛЫ, МОНОГРАФИЧЕСКИЕ
Кодированные данные о монографическом текстовом документе y |||||||||
200 0# - ЗАГЛАВИЕ И СВЕДЕНИЯ ОБ ОТВЕТСТВЕННОСТИ
Основное заглавие Т.52, Кн.1
210 ## - ПУБЛИКАЦИЯ, РАСПРОСТРАНЕНИЕ И ДР.
Дата издания, распространения и т.д. 1886
Место издания, распространения и т.д. Б. м.
421 #1 - ПРИЛОЖЕНИЕ
Встроенное поле 2001#$aОтчет по Главной физической обсерватории за 1883 и 1884 год
-- 210##$aСпб.$d1886
-- 309##$aПрипл.
-- 311##$a1886 к т.52
Заглавие Отчет по Главной физической обсерватории за 1883 и 1884 год
421 #1 - ПРИЛОЖЕНИЕ
Встроенное поле 2001#$aО некоторых приложениях общих функций Бенулли$fИмшенецкий В.Г.
-- 700#1$aИмшенецкий$bВ.Г.
-- 210##$aСпб.$d1886
-- 309##$aПрипл.
-- 311##$a1886 к т.52
Заглавие О некоторых приложениях общих функций Бенулли
Автор Имшенецкий, В.Г.
421 #1 - ПРИЛОЖЕНИЕ
Встроенное поле 2001#$aОчерк ихтиологической фауны Казанской губернии$fВарпаховский Н.А.
-- 700#1$aВарпаховский$bН.А.
-- 210##$aСпб.$d1886
-- 309##$aПрипл.
-- 311##$a1886 к т.52
Заглавие Очерк ихтиологической фауны Казанской губернии
Автор Варпаховский, Н.А.
421 #0 - ПРИЛОЖЕНИЕ
Встроенное поле 2001#$aМужской половой аппарат чешуекрылых$fХолодковский Н.А.
-- 700#1$aХолодковский$bН. А.$gНиколай Александрович$f1858-1921$3RU\NLR\AUTH\7789032
-- 210##$aСпб.$d1886
-- 309##$aПрипл.
-- 311##$a1886 к т.52
Заглавие Мужской половой аппарат чешуекрылых
Автор Холодковский, Николай Александрович (1858-1921)
421 #1 - ПРИЛОЖЕНИЕ
Встроенное поле 2001#$aМатериалы к познанию эмбрионального развития Araneina$fШимкевич В.М.
-- 700#1$aШимкевич$bВ.М.
-- 210##$aСпб.$d1886
-- 309##$aПрипл.
-- 311##$a1886 к т.52
Заглавие Материалы к познанию эмбрионального развития Araneina
Автор Шимкевич, В.М.
461 #0 - УРОВЕНЬ НАБОРА
Встроенное поле 001RU\NLR\INFOCOMM6\1000361712
-- 2001#$aЗаписки Академии наук$vТ.52, Кн.1
Системный номер (АБИС) связанной записи 3997372
Автор Академия наук (Петербург)
Место публикации СПб.
Дата публикации 1862-1895
Заглавие Записки Академии наук
Номер тома Т.52, Кн.1
481 #0 - ТАКЖЕ В ЭТОМ ПЕРЕПЛЕТЕ
Встроенное поле 001v19\rc\1334709
Системный номер (АБИС) связанной записи 5327121
Место публикации Б. м.
Дата публикации 1886
Физическая характеристика IV, 152 с.
Заглавие Отчет Главной физической обсерватории..., представленный директором ее, академиком Купфером, г. управляющему Министерством финансов. - ... за 1883 и 1884 годы
801 #1 - ИСТОЧНИК ЗАПИСИ
Страна Российская Федерация
Организация InfoComm
Дата составления 20031127
801 #0 - ИСТОЧНИК ЗАПИСИ
Страна Российская Федерация
Организация NLR
Правила каталогизации PSBO
852 ## - МЕСТОНАХОЖДЕНИЕ И ШИФР ХРАНЕНИЯ
Идентификатор организации NLR
Шифр хранения (Call Number) 1/447
942 ## - ДОПОЛНИТЕЛЬНЫЕ ЭЛЕМЕНТЫ ЗАПИСИ (АБИС)
Тип экземпляра АБИС Выпуск
980 ## - КОЛЛЕКЦИЯ
Название коллекции Национальная библиография
980 ## - КОЛЛЕКЦИЯ
Название коллекции Русская периодика

Нет доступных экземпляров.